000 00461nam a2200169Ia 4500
003 GCL
008 140319s9999 xx 000 0 eng d
040 _aGCL /
_cGCL
082 0 4 _a621.38
_bT P
100 1 _aTAYLOR,FRED
245 1 0 _aPRINCIPLES OF SIGNALS AND SYSTEMS /
_cTAYLOR,FRED
260 _a[S.N] :
_bMC GRAW - HILL ،
_c1994
650 0 4 _aSYSTEM ANALYSIS
650 0 4 _aMATHEMATICS
650 0 4 _aSIGNAL THEORY ( TELECOMMUNICATION )
942 _2ddc
_cBK
999 _c23679
_d23679